| 000 | 00557nam a2200169 a 4500 | ||
|---|---|---|---|
| 005 | 20140412111307.0 | ||
| 008 | 001219s19uu xx 00 eng d | ||
| 020 | _a0-7214-1123-1 | ||
| 050 |
_aER _bCo83 1988 |
||
| 100 | _aFinnigan, Helen | ||
| 245 |
_aCounting songs / _ccompiled by Helen Finnigan ; illustrated by Roger Langton. |
||
| 260 |
_aLeicestershire, UK : _bLadybird Books Ltd, _c1988. |
||
| 300 | _a1 v. (unp.) ; ill. | ||
| 440 | _aLadybird Action Rhymes | ||
| 650 | _aChildren's counting out rhymes in English - Anthologies | ||
| 999 |
_c103764 _d103764 |
||